Thừa kế trong pháp luật dân sự Việt Nam /

Shranjeno v:
Bibliografske podrobnosti
Glavni avtor: Nguyễn Văn Huy, ThS.
Format: Sách giấy
Jezik:Vietnamese
Izdano: H. : Tư pháp, 2018.
Izdaja:Tái bản lần thứ nhất.
Teme:
Oznake: Označite
Brez oznak, prvi označite!
Thư viện lưu trữ: Thư viện Trường Đại học Đà Lạt
LEADER 01181nam a2200337 4500
001 DLU190193302
005 ##20191107
020 # # |a 9786048113506 
040 # # |a DLU  |b vie 
041 # # |a vie 
044 # # |a vn 
082 # # |a 346.05  |b NG-H 
100 # # |a Nguyễn Văn Huy,  |c ThS. 
245 # # |a Thừa kế trong pháp luật dân sự Việt Nam /  |c Nguyễn Văn Huy. 
250 # # |a Tái bản lần thứ nhất. 
260 # # |a H. :  |b Tư pháp,  |c 2018. 
300 # # |a 255 tr. ;  |c 21 cm. 
504 # # |a Tài liệu tham khảo: tr. 250-252. 
505 # # |a Chương 1. Những vấn đề chung về thừa kế -- Chương 2. Thừa kế theo di chúc -- Chương 3. Thừa kế theo pháp luật -- Chương 4. Thanh toán và phân chia di sản thừa kế -- Chương 5. Thủ tục khởi kiện, thụ lý và giải quyết tranh chấp về thừa kế. 
650 # # |a Thừa kế và di sản  |x Luật và pháp chế  |z Việt Nam. 
923 # # |a 07/2019 
991 # # |a SH 
992 # # |a 96000 
994 # # |a DLU 
900 # # |a True 
911 # # |a Nguyễn Thanh Hương 
925 # # |a G 
926 # # |a A 
927 # # |a SH 
980 # # |a Thư viện Trường Đại học Đà Lạt